000 00458nab a2200145Ia 4500
003 ES-SlBCS
005 20210601130404.0
008 140529s2000 xxu||||| |||| 00| 0 fre d
041 _afre
100 1 _aLe Gloannec, Anne-Marie
_9172284
245 0 0 _aLa politique étrangère de la République de Berlin
_c Anne-Marie Le Gloannec
650 0 4 _aPolítica Extranjera
_9172285
773 0 _tEsprit
_gvol. 264, nº. 264, 2000, págs. 61-78
_wRev1438
942 _cAR
999 _c545839
_d545839